000 00697nam a2200217Ii 4500
003 JO-AjNU
008 230606s9999||||xx |||||||||||||| ||und||
020 _a9960-740-62-5
040 _aJO-AjNU
_beng
_erda
_cJO-AjNU
041 _aeng
050 1 4 _aBP166.22 1996
100 3 _aKashmiri, Fadlur Rahman , Translated & Abridged by: Khola Hasan, Foreword by: Suhaib Hasan,
_eauthor
_93643
245 0 4 _aThe Many Shades of Shirk=الشرك وأنواعه
250 _aFirst Edition
264 3 1 _aRiyadh: Darussalam, 1996
300 _a64p
336 _atext
_btxt
_2rdacontent
337 _aunmediated
_bn
_2rdamedia
338 _avolume
_bnc
_2rdacarrier
650 4 _aUnbeliever of Allah
_93644
999 _aE1900
_c1900
_d1900